| 000 | 00909nam a2200289 a 4500 | ||
|---|---|---|---|
| 001 | 000000774 | ||
| 003 | DO-SdBNP | ||
| 005 | 20210525153414.0 | ||
| 008 | 090509s2007 sp ac 000 0 spa d | ||
| 020 | _a8482362488 | ||
| 040 |
_aDO-SdBNP _bspa _cBNPHU |
||
| 082 |
_a721.822 _bG216p |
||
| 100 | 1 |
_aGarcía Pascual, Anna _92656 |
|
| 245 | 1 | 0 |
_aPuertas de madera = _bDoors of woods / _credacción Anna García Pascual ; traducción Nadia Drandov. |
| 246 | 3 | 1 | _aDoors of woods |
| 260 |
_a[España] : _bLexus, _c2007. |
||
| 300 |
_a236 p. : _bil. retrs. ; _c34 cm. |
||
| 546 | _aTexto en español e inglés | ||
| 650 | 4 |
_aPuertas de madera _92657 |
|
| 650 | 4 |
_aTrabajos en madera _92658 |
|
| 650 | 4 |
_aEbanistería _92659 |
|
| 650 | 4 |
_aCarpintería _92660 |
|
| 700 | 1 | 2 |
_aGarcía Pascual, Anna _92656 |
| 700 | 1 | 2 |
_aDrandov, Nadia, _etr. _92661 |
| 910 | _aValidado. Control de calidad MFF | ||
| 942 |
_2ddc _cLBS1 |
||
| 999 |
_c770 _d770 |
||